000 00429nam a22001697a 4500
003 MPLRDC
005 20220104114118.0
008 210129b ||||| |||| 00| 0 eng d
082 _a782.886 SQL-9 c.2
100 _a史葛莱夫作
245 _a宋氏王朝
_c淼淼节 译
250 _a初版
260 _a
_b龙门文化事业有限公司
_c1985
300 _b
650 _a宋家传记
942 _cBK
_o782.886 SQL-9 c.2
999 _c4903
_d4893